Estadística descriptiva y probabilidades / (Registro nro. 3687)
[ vista simple ]
| 000 -LEADER | |
|---|---|
| fixed length control field | 01149nam a22002537a 4500 |
| 003 - CONTROL NUMBER IDENTIFIER | |
| control field | PE SENCICO BE |
| 005 - DATE AND TIME OF LATEST TRANSACTION | |
| control field | 20251020182622.0 |
| 008 - FIXED-LENGTH DATA ELEMENTS--GENERAL INFORMATION | |
| fixed length control field | 221213b |||||||| |||| 00| 0 eng d |
| 020 ## - INTERNATIONAL STANDARD BOOK NUMBER | |
| International Standard Book Number | 978-612-304-027-7 |
| 040 ## - CATALOGING SOURCE | |
| Original cataloging agency | PE SENCICO BE |
| Transcribing agency | PE SENCICO BE |
| 041 ## - LANGUAGE CODE | |
| Language code of text/sound track or separate title | spa |
| 082 ## - DEWEY DECIMAL CLASSIFICATION NUMBER | |
| Classification number | 519.5 |
| Item number | G26 |
| 100 1# - MAIN ENTRY--PERSONAL NAME | |
| 9 (RLIN) | 263 |
| Personal name | García Oré, Celestino |
| 245 1# - TITLE STATEMENT | |
| Title | Estadística descriptiva y probabilidades / |
| Statement of responsibility, etc. | Celestino García Oré |
| 250 ## - EDITION STATEMENT | |
| Edition statement | 1a ed. |
| 260 ## - PUBLICATION, DISTRIBUTION, ETC. | |
| Place of publication, distribution, etc. | Lima: |
| Name of publisher, distributor, etc. | Macro, |
| Date of publication, distribution, etc. | 2017 |
| 300 ## - PHYSICAL DESCRIPTION | |
| Extent | 269 p.: |
| Other physical details | diagrs.; |
| Dimensions | 24 cm. |
| 505 0# - FORMATTED CONTENTS NOTE | |
| Formatted contents note | Estadística descriptiva -- Distribuciones bidimensionales -- Probabilidades |
| 520 3# - SUMMARY, ETC. | |
| Summary, etc. | Expone los lineamientos básicos de la estadística de acuerdo a los programas vigentes de la ingeniería y las ciencias. Como se sabe, la estadística es un método científico requerido en todo trabajo de investigación, ya que permite recolectar, describir y analizar daos, con el propósito de enmendar errores e innovar las relaciones humanas. |
| 650 10 - SUBJECT ADDED ENTRY--TOPICAL TERM | |
| Topical term or geographic name entry element | Estadística descriptiva |
| 9 (RLIN) | 209 |
| 650 20 - SUBJECT ADDED ENTRY--TOPICAL TERM | |
| Topical term or geographic name entry element | Probabilidades |
| 9 (RLIN) | 264 |
| 910 ## - USER-OPTION DATA (OCLC) | |
| -- | hfp |
| -- | hfp |
| 942 ## - ADDED ENTRY ELEMENTS (KOHA) | |
| Source of classification or shelving scheme | Dewey Decimal Classification |
| Koha item type | Libros |
| Classification part | 519.5 |
| Item part | G26 |
| Fecha de la última vez que lo usaron | Número de ingreso o de inventario | Pago total | Signatura topográfica completa | Código de barras | Precio efectivo desde | Tipo de documento | Estado perdido | Sistema de clasificación | Estado dañado | No es para préstamo | Retirado | Ubicación permanente | Ubicación actual | Fecha de adquisición |
|---|---|---|---|---|---|---|---|---|---|---|---|---|---|---|
| 13/12/2022 | 16390 | 519.5/G26 | BibLima25070040 | 13/12/2022 | Libros | Dewey Decimal Classification | Biblioteca Central Lima | Biblioteca Central Lima | 13/12/2022 |